|
|
|
|
| LEADER |
00000ny a22000003n 4500 |
| 003 |
WaSeSS |
| 005 |
20110511121631.0 |
| 008 |
890926c19899999maudr nes 0 a0eng c |
| 010 |
|
|
|a sn 90099901
|
| 022 |
|
|
|a 1050-4184
|
| 035 |
|
|
|a 2926
|
| 040 |
|
|
|a MWP
|c MWP
|d vLex
|
| 090 |
|
|
|c 1646
|d 1646
|
| 245 |
3 |
0 |
|a Telegram & gazette
|h [Recurso electrn̤ico]
|
| 246 |
3 |
0 |
|a Telegram and gazette
|
| 256 |
|
|
|a Servicio en ln̕ea
|
| 260 |
|
|
|a Worcester, Mass. :
|b Worcester Telegram & Gazette
|
| 310 |
|
|
|a Diaria
|
| 500 |
|
|
|a El suplemento del domingo se publica como: Sunday telegram
|
| 500 |
|
|
|a Formado por la unin̤ de: Worcester Telegram y Evening Gazette (1989)
|
| 506 |
1 |
|
|a Contenido solo disponible en los productos indicados
|d vLex Global
|d vLex Global (Academic Edition, excluding Law Schools)
|d vLex Global (Academic Edition, Law Schools)
|
| 650 |
0 |
4 |
|a Perid̤icos
|
| 650 |
0 |
4 |
|a Prensa
|
| 650 |
0 |
4 |
|a Publicaciones perid̤icas
|
| 740 |
0 |
|
|a vLex Revista (Servicios en ln̕ea)
|
| 843 |
|
|
|a Electrn̤ica. Abierta
|
| 853 |
|
|
|8 1
|i (year)
|j (month)
|k (day)
|
| 856 |
4 |
0 |
|z Acceso restringido
|u http://vlex.com/account/login_ip?fuente_id=2926
|
| 942 |
|
|
|c REV
|
| 999 |
|
0 |
|a Worcester (Mass.)
|v Newspapers.
|